000 00664nam a2200193Ia 4500
003 GCL
008 140319s9999 xx 000 0 ara d
040 _aGCL /
_cGCL
082 0 4 _a923.3
_bف ى
100 1 _aفوتشيكوفا، غ
245 1 0 _aيوليوس فوتشيك (هدية من الاديب عبدالفتاح الجمل) /
_cفوتشيكوفا، غ
700 1 _aنورى حجو الرفاعى(مترجم)
300 _a30 ص
490 _aالهيئة العامة للاستعلامات
_v0
650 0 4 _aفوتشيك, يوليوس
650 0 4 _aتشيكوسلوفاكيا - تراجم
650 0 4 _aالعمال - تراجم
942 _2ddc
_cBK
999 _c47316
_d47316